| 000 | 00999cam a2200313 i 4500 | ||
|---|---|---|---|
| 001 | 200442297 | ||
| 003 | TR-AnTOB | ||
| 005 | 20240824073709.0 | ||
| 007 | ta | ||
| 008 | 791115s1979 fr b i000 0 eng d | ||
| 010 | _a 79318722 | ||
| 020 | _a9264118640 | ||
| 040 |
_aDLC _beng _erda _cDLC _dDLC _dTR-AnTOB |
||
| 041 | 0 | _aeng | |
| 050 | 0 | 0 |
_aHD4881 _b.O74 1979 |
| 090 |
_aTOBBK HD4881 _b.O74 1979 |
||
| 110 | 2 |
_aOrganisation for Economic Co-operation and Development _933753 |
|
| 245 | 1 | 0 | _aPolicies for apprenticeship. |
| 260 | _a: | ||
| 264 | 1 |
_aParis _bOrganisation for Economic Co-operation and Development ; _a[Washington, D.C. : _bsold by OECD Publications and Information Center], _c1979. |
|
| 300 |
_a103 pages ; _c24 cm |
||
| 336 |
_atext _btxt _2rdacontent |
||
| 337 |
_aunmediated _bn _2rdamedia |
||
| 338 |
_avolume _bnc _2rdacarrier |
||
| 650 | 0 |
_aApprenticeship programs _9131700 |
|
| 942 |
_2z _cBK |
||
| 999 |
_c200442297 _d60509 |
||